Ảnh hưởng của các nông độ muối khác nhau đến tốc độ lọc thức ăn, sự sinh trưởng, tỷ lệ sống và khả năng chịu đựng stress của sò huyết giống Anadara granosa (Linaeus, 1758) /

Bewaard in:
Bibliografische gegevens
Hoofdauteur: Ngô Thị Thu Thảo.
Andere auteurs: Trương Trọng Nghĩa
Formaat: Artikel
Taal:Vietnamese
Tags: Voeg label toe
Geen labels, Wees de eerste die dit record labelt!
Thư viện lưu trữ: Thư viện Trường Đại học Đà Lạt
LEADER 00998nam a2200241 4500
001 DLU120144005
005 ##20121122
040 # # |a DLU  |b vie 
041 # # |a vie 
044 # # |a vn 
100 # # |a Ngô Thị Thu Thảo. 
245 # # |a Ảnh hưởng của các nông độ muối khác nhau đến tốc độ lọc thức ăn, sự sinh trưởng, tỷ lệ sống và khả năng chịu đựng stress của sò huyết giống Anadara granosa (Linaeus, 1758) /  |c Ngô Thị Thu Thảo, Trương Trọng Nghĩa. 
700 # # |a Trương Trọng Nghĩa 
773 # # |t Tuyển tập báo cáo khoa học: Hội thảo động vật thân mềm toàn quốc. Lần thứ hai - Nha Trang, 3-4/08/2001,   |g  2003, tr. 134-142 
920 # # |a Phòng Tạp chí -- Trung tâm Thông tin - Thư viện Trường Đại học Đà Lạt 
994 # # |a DLU 
900 # # |a True 
911 # # |a Nguyễn Thị Mai Anh 
925 # # |a G 
926 # # |a A 
927 # # |a BB 
980 # # |a Thư viện Trường Đại học Đà Lạt